All Countries At War With the United States - Statistics

General Stats
  • This quiz has been taken 73 times
  • The average score is 137 of 410
Answer Stats
War Nation Involved % Correct
War of 1812 (1812-1815) United Kingdom
98%
American Revolutionary War (1775-1783) | Northwest Indian War (1785-1793) Great Britain
97%
Aroostook War (1838) | Aroostook War (1838-1839) | Caroline Affair (1837) | Pig War (1859) United Kingdom
97%
World War II (1939-1945) Croatia
95%
Quasi War (1798-1800) France
95%
Border War (1910-1919) | Second Samoan Civil War (1898-1899) | World War I (1914-1918) | World War II (1939-1945) Germany
95%
Second Franco-Mexican War (1865-1867) Second French Empire
95%
World War II (1939-1945) Slovakia
95%
Philippine-American War (1899-1902) Empire of Japan
92%
World War II (1939-1945) Japan
92%
World War II (1939-1945) Manchukuo
92%
World War II (1939-1945) Menjiang
92%
American-led Intervention in Syria (2014-present) Russia
92%
Spanish-American War (1898) | War of 1812 (1812-1815) Spain
92%
First Seminole War (1817-1818) Spanish Florida
92%
American-led Intervention in Syria (2014-present) | Cambodian Civil War (1967-1975) | Communist Insurgency in Thailand (1965-1983) | +4 others China
90%
Second Opium War (1856-1859) Qing Dynasty
90%
Long Expedition (1819) First Mexican Empire
88%
Reform War (1858-1866) Mexican Conservatives
88%
Second Franco-Mexican War (1865-1867) Mexican Empire
88%
Texas Revolution (1835-1836) Mexican Republic
88%
Border War (1910-1919) | Las Cuevas War (1875 | Mexican-American War (1846-1848) | Occupation of Veracruz (1914) Mexico
88%
American-led Intervention in Syria (2014-present) | Lebanese Civil War (1982-1984) | Operation Ajax (1953) | +3 others Iran
82%
Gulf War (1990-1991) | Iraq War (2003-2011) | Iraqi No-Fly Zone Enforcement Operations Iraq
82%
World War II (1939-1945) Italy
82%
Expedition to Korea (1871) Joseon Dynasty
80%
Bay of Pigs Invasion (1961) | Invasion of Grenada (1983) | Simba Rebellion (1964) | +2 others Cuba
78%
Negro Rebellion (1912) Cuban PIC
78%
Russian Civil War (1918-1920) Mongolia
78%
Patriot War (1838) Republic of Canada
78%
Northwest Indian War (1785-1793) Seven Nations of Canada
78%
First Indochina War (1946-1954) Viet Minh
78%
Philippine-American War (1899-1902) Philippine Republic
75%
American-led Intervention in Syria (2014-present) | Lebanese Civil War (1982-1984) Syria
75%
Communist Insurgency in Thailand (1965-1983) | Invasion of Grenada (1983) | Korean DMZ Conflict (1966-1969) | +3 others North Korea
73%
Occupation of Haiti (1915-1934) Haitian Rebels
72%
First Indochina War (1946-1954) Khmer Issarak
72%
2011 Military Intervention in Libya (2011) | Action in the Gulf of Sidra (1986) | Bombing of Libya (1986) | +4 others Libya
72%
Cambodian Civil War (1967-1975) | Invasion of Grenada (1983) | Korean War (1950-1953) | +5 others Soviet Union
72%
Russian Civil War (1918-1920) Commune of Estonia
70%
Occupation of the Dominican Republic (1916-1924) Dominican Republic
70%
Russian Civil War (1918-1920) Far Eastern Republic
70%
Russian Civil War (1918-1920) Latvian SFSR
70%
Russian Civil War (1918-1920) Russian SFSR
70%
Russian Civil War (1918-1920) Ukrainian SFSR
70%
World War I (1914-1918) Austria-Hungary
68%
German Coast Uprising (1811) | Intervention in Haiti (1994-1995) Haiti
68%
First Indochina War (1946-1954) Pathet Lao
68%
World War I (1914-1918) | World War II (1939-1945) Bulgaria
67%
Invasion of Panama (1989-1990) Panama
67%
World War II (1939-1945) Hungary
63%
Occupation of Nicaragua (1912-1933) Nicaraguan Liberals
62%
World War II (1939-1945) Romania
62%
World War II (1939-1945) Thailand
62%
American Civil War (1861-1865) | American Revolutionary War (1775-1783) | Cherokee-American Wars (1776-1795) | Northwest Indian War (1785-1793) Cherokee
60%
Moro Rebellion (1899-1913) Moro
60%
American Civil War (1861-1865) Confederate States
58%
Colorado War (1863-1865) | Dakota War of 1862 (1862) | Great Sioux War of 1876 (1876-1877) | +3 others Sioux
55%
World War I (1914-1918) Ottoman Empire
53%
War in Afghanistan (2001-2021) Taliban
53%
American Intervention in Libya (2015-2019) | American-led Intervention in Iraq (2014-2021) | American-led Intervention in Syria (2014-present) | +4 others ISIS
50%
Hawaiian Rebellions (1887-1895) Kingdom of Hawaii
50%
American-led Intervention in Syria (2014-present) | Lebanese Civil War (1982-1984) Saudi Arabia
50%
World War II (1939-1945) Finland
48%
American Civil War (1861-1865) | First Seminole War (1817-1818) | Second Seminole War (1835-1842) | Third Seminole War (1855-1858) Seminole
48%
Apache Wars (1851-1900) | Buffalo Hunters' War (1876-1877) | Victorio's War (1879-1881) | Yavapai Wars (1861-1875) Apache
47%
First Barbary War (1801-1805) Sultanate of Morocco
47%
First Fiji Expedition (1855) | Second Fiji Expedition (1859) Fiji
45%
Navajo Wars (1858-1866) Navajo
45%
Cheyenne War (1878-1879) | Colorado War (1863-1865) | Comanche Campaign (1867-1875) | +4 others Cheyenne
42%
American Civil War (1861-1865) | Buffalo Hunters' War (1876-1877) | Comanche Campaign (1867-1875) | +3 others Comanche
42%
Cambodian Civil War (1967-1975) | Communist Insurgency in Thailand (1965-1983) | Laotian Civil War (1953-1975) | Vietnam War (1965-1975) North Vietnam
42%
Insurgency in Khyber Pakhtunkhwa (2004-2018) | Insurgency in the Maghreb (2002-present) | Iraq War (2003-2011) | +3 others al-Qaeda
40%
Paraguay Expedition (1858-1859) Paraguay
40%
Apache Wars (1851-1900) | Bluff War (1914-1915) | Last Indian Uprising (1923) | +2 others Ute
40%
1838 Mormon War (1838) Church of Jesus Christ of Latter-day Saints
38%
Crow War (1887) Crow
38%
Tecumseh's War (1811) | War of 1812 (1812-1815) Iroquois
38%
Utah War (1857-1858) Mormons
38%
Bannock War (1878) | Bluff War (1914-1915) | Last Indian Uprising (1923) | +2 others Paiute
38%
Lebanese Civil War (1982-1984) | Operation Infinite Reach (1998) Sudan
38%
American-led Intervention in Syria (2014-present) | Lebanese Civil War (1982-1984) UAE
38%
Yaqui Wars (1896-1918) Yaqui
38%
Yavapai Wars (1861-1875) | Yuma War (1850-1853) Yuma
38%
Crazy Snake Rebellion (1909) | Second Creek War (1836) Creek
35%
Modoc War (1872-1873) Modoc
35%
Cayuse War (1847-1855) | Yakima War (1855-1858) Cayuse
33%
American-led Intervention in Syria (2014-present) | Lebanese Civil War (1982-1984) | Yemeni Civil War (2014-present) Hezbollah
33%
Mohave War (1858-1859) Mohave)
32%
Yavapai Wars (1861-1875) Mohave
32%
Nez Perce War (1877) | Yakima War (1855-1858) Nez Perce
32%
Soviet-Afghan War (1979) | War in South Zaire (1978) Angola
30%
Bannock War (1878) | Bannock War of 1895 (1895) | Paiute War (1860) | Snake War (1864-1868) Bannock
30%
Northwest Indian War (1785-1793) Iroquois Confederacy
30%
American-led Intervention in Syria (2014-present) Qatar
30%
Osage Indian War (1837) Osage
28%
Cambodian Civil War (1967-1975) Czechoslovakia
27%
Apache Wars (1851-1900) | Yavapai Wars (1861-1875) Yavapai
27%
Great Sioux War of 1876 (1876-1877) | Red Cloud's War (1866-1868) Lakota
25%
Cambodian Civil War (1967-1975) | Vietnam War (1965-1975) Viet Cong
25%
Arikara War (1823) Arikara
23%
Hualapai War (1865-1870) Hualapai
23%
Cambodian Civil War (1967-1975) | Communist Insurgency in Thailand (1965-1983) | Vietnam War (1965-1975) Khmer Rouge
23%
American Revolutionary War (1775-1783) Mohawk
18%
Aegean Sea Anti-Piracy Operations | Battle of Boca Teacapan (1870) | Battle of Ty-ho Bay (1855) | +2 others Pirates
18%
War in Somalia (2007-present) Eritrea
17%
First Barbary War (1801-1805) Eyalet of Tripolitania
17%
American Revolutionary War (1775-1783) Hessian Auxiliaries
17%
Second Barbary War (1815) Regency of Algiers
17%
Black Hawk War (1832) Black Hawks
13%
American Civil War (1861-1865) Chickasaw
13%
American Civil War (1861-1865) Choctaw
13%
Invasion of Grenada (1983) | Soviet-Afghan War (1979) East Germany
13%
Lebanese Civil War (1982-1984) PLO
13%
German Coast Uprising (1811) Slaves
13%
Lebanese Civil War (1982-1984) South Yemen
13%
Johanna Expedition (1851) Sultanate of Johanna
13%
American Revolutionary War (1775-1783) British Loyalists
12%
Yemeni Civil War (2014-present) Houthis
12%
Northwest Indian War (1785-1793) | Tecumseh's War (1811) | War of 1812 (1812-1815) Lenape
12%
Occupation of Nicaragua (1912-1933) Sandinistas
12%
Northwest Indian War (1785-1793) | Tecumseh's War (1811) | War of 1812 (1812-1815) Shawnee
12%
Insurgency in the Maghreb (2002-present) Boko Haram
10%
Northwest Indian War (1785-1793) | Tecumseh's War (1811) | War of 1812 (1812-1815) Miami
10%
Bannock War (1878) | Paiute War (1860) | Sheepeater Indian War (1879) | Snake War (1864-1868) Shoshone
10%
Colorado War (1863-1865) | Comanche Campaign (1867-1875) | Great Sioux War of 1876 (1876-1877) | +3 others Arapaho
8%
Comanche Campaign (1867-1875) | Red River War (1874-1875) Kiowa
7%
Communist Insurgency in Thailand (1965-1983) | Laotian Civil War (1953-1975) | Vietnam War (1965-1975) Pathet Lao
7%
American Revolutionary War (1775-1783) Cayuga
5%
American Civil War (1861-1865) Muskogee
5%
Rogue River Wars (1855-1856) Rogue River
5%
American Revolutionary War (1775-1783) Seneca
5%
Yakima War (1855-1858) Yakama
5%
Bleeding Kansas (1854-1861) Border Ruffians
3%
Cortina Troubles (1859-1861) Cortinista Bandits
3%
Black Hawk War (1832) Ho-Chunk
3%
Northwest Indian War (1785-1793) Illini Confederacy
3%
Northwest Indian War (1785-1793) | Tecumseh's War (1811) | War of 1812 (1812-1815) Kickapoo
3%
Operation Observant Compass (2011-2017) Lord's Resistance Army
3%
Northwest Indian War (1785-1793) Menominee
3%
Philippine-American War (1899-1902) Negros Republic
3%
American Revolutionary War (1775-1783) Onondaga
3%
Persian Gulf Crisis (2019-present) Popular Mobilization Forces
3%
Tecumseh's War (1811) | War of 1812 (1812-1815) Red Sticks
3%
Bosnian War (1992-1995) Republika Srpska
3%
Tecumseh's War (1811) | War of 1812 (1812-1815) Sauk
3%
Moro Rebellion (1899-1913) Sulu Sultanate
3%
American-led Intervention in Syria (2014-present) Tahrir al-Sham
3%
Puget Sound War (1855-1856) Tlingit
3%
Yemeni Civil War (2014-present) Ansar al-Sharia
2%
Northwest Indian War (1785-1793) | Tecumseh's War (1811) | War of 1812 (1812-1815) Chickamauga
2%
Communist Insurgency in Thailand (1965-1983) Communist Party of Thailand
2%
Dominican Civil War (1965-1966) Dominican Constitutionalists
2%
Bosnian War (1992-1995) | Kosovo War (1998-1999) FR Yugoslavia
2%
John Brown's Raid on Harpers Ferry (1859) Insurgents
2%
Operation Enduring Freedom (2002-present) Islamic Courts Union
2%
Puget Sound War (1855-1856) Klickitat
2%
Tecumseh's War (1811) | War of 1812 (1812-1815) Odawa
2%
Yaqui Wars (1896-1918) Pima
2%
Black Hawk War (1832) | Tecumseh's War (1811) Potawatomi
2%
Puget Sound War (1855-1856) Puyallup
2%
Boxer Rebellion (1899-1901) Qing Dynasty
2%
Bosnian War (1992-1995) Serbian Krajina
2%
Yakima War (1855-1858) Umatilla
2%
Bosnian War (1992-1995) Western Bosnia
2%
Northwest Indian War (1785-1793) | Tecumseh's War (1811) | War of 1812 (1812-1815) Wyandot
2%
American-led Intervention in Syria (2014-present) Ahrar al-Sham
0%
Operation Enduring Freedom (2002-present) al-Itihaad al-Islamiya
0%
Operation Enduring Freedom (2002-present) Alliance for the Re-Liberation of Somalia
0%
American-led Intervention in Syria (2014-present) al-Nusra Front
0%
War in Somalia (2007-present) Al-Shabaad Hizbul Islam
0%
Lebanese Civil War (1982-1984) Amal Movement
0%
Iraq War (2003-2011) Ansar al-Sunnah
0%
Insurgency in the Maghreb (2002-present) Ansar Dine
0%
Long Expedition (1819) Army of the Three Guarantees
0%
Iraq War (2003-2011) Ba'ath Loyalists
0%
Ivory Coast Expedition (1842) Bereby
0%
Black Hawk War (1832) British Band
0%
American Civil War (1861-1865) Catawba
0%
Shimonoseki War (1863-1864) Choshu Domain
0%
Nepalese Civil War (2002-2006) Communist Party of India
0%
Nepalese Civil War (2002-2006) Communist Party of Nepal
0%
Northwest Indian War (1785-1793) Council of Three Fires
0%
1838 Mormon War (1838) Danites
0%
Soviet-Afghan War (1979) Democratic Republic of Afghanistan
0%
Insurgency in Bolivia (1966-1967) Ejército de Liberación Nacional
0%
War in Afghanistan (2001-2021) Fidai Mahaz
0%
War in South Zaire (1978) Front for the National Liberation of the Congo
0%
Garza Revolution (1891-1893) Garzistas
0%
Puget Sound War (1855-1856) Haida
0%
Operation Enduring Freedom (2002-present) Harakat al-Shabaad Mujahedeen
0%
Operation Infinite Reach (1998) Harkat-ul-Mujahideen
0%
War in Afghanistan (2001-2021) HIG
0%
Operation Enduring Freedom (2002-present) Hizbul Islam
0%
Winnebago War (1827) Ho-Chunks
0%
Patriot War (1838) Hunters' Lodge
0%
Iraq War (2003-2011) IAI
0%
War in Afghanistan (2001-2021) IJU
0%
Lebanon Crisis (1958) INM
0%
Iraq War (2003-2011) Islamic State of Iraq
0%
Lebanese Civil War (1982-1984) Islamic Unification Movement
0%
Operation Enduring Freedom (2002-present) Jabhatul Islamiya
0%
Insurgency in the Maghreb (2002-present) Jama'at Nasr al-Islam wal Muslimin
0%
Lebanese Civil War (1982-1984) Jammoul
0%
American-led Intervention in Syria (2014-present) Jaysh al-Sunna
0%
American-led Intervention in Syria (2014-present) Jund al-Aqsa
0%
Northwest Indian War (1785-1793) Kaskaskia
0%
Cambodian Civil War (1967-1975) Khmer Rumdo
0%
Cambodian Civil War (1967-1975) Khmer Viet Minh
0%
American-led Intervention in Syria (2014-present) Khorasan Group
0%
First Sumatran Expedition (1832) | Second Sumatran Expedition (1838) Kuala Batee
0%
Insurgency in Khyber Pakhtunkhwa (2004-2018) Lashkar-e-Jhangvi
0%
Operation Infinite Reach (1998) Lashkar-e-Taiba
0%
Lebanon Crisis (1958) LCP
0%
Lebanese Civil War (1982-1984) Lebanese National Movement
0%
Iraq War (2003-2011) Mahdi Army
0%
Communist Insurgency in Thailand (1965-1983) Malayan Communist Party
0%
Tecumseh's War (1811) | War of 1812 (1812-1815) Mascouten
0%
War of 1812 (1812-1815) Maskwaki
0%
Second Samoan Civil War (1898-1899) Mataafans
0%
Tecumseh's War (1811) Meskwaki
0%
Tecumseh's War (1811) | War of 1812 (1812-1815) Mingo
0%
Northwest Indian War (1785-1793) Mississaugas
0%
Insurgency in the Maghreb (2002-present) MOJWA
0%
Operation Enduring Freedom (2002-present) Mu'askar Anole
0%
Puget Sound War (1855-1856) Muckleshoot
0%
Cambodian Civil War (1967-1975) National United Front of Kampuchea
0%
Utah War (1857-1858) Nauvoo Legion
0%
Puget Sound War (1855-1856) Nisqually
0%
Tecumseh's War (1811) | War of 1812 (1812-1815) Ojibway
0%
Yaqui Wars (1896-1918) Opata
0%
Formosa Expedition (1867) Paiwan
0%
Nez Perce War (1877) Palouse
0%
War of 1812 (1812-1815) Potewatomi
0%
Winnebago War (1827) Prairie La Crosse
0%
Invasion of Grenada (1983) PRG of Grenada
0%
Fries' Rebellion (1799) | Shays' Rebellion (1786-1787) | Whiskey Rebellion (1791-1794) Protesters
0%
Lebanon Crisis (1958) PSP
0%
Operation Enduring Freedom (2002-present) Ras Kamboni Brigades
0%
Creek War (1813-1814) Red Stick Creek
0%
Boxer Rebellion (1899-1901) Righteous Harmony Society
0%
First Intervention in the Somali Civil War (1992-1995) Somali National Alliance
0%
Iraq War (2003-2011) Special Groups
0%
Yemeni Civil War (2014-present) Supreme Political Council
0%
Simba Rebellion (1964) Tanganyika
0%
Insurgency in Khyber Pakhtunkhwa (2004-2018) Tehreek-e-Nafaz-e-Shariat-e-Mohammadi
0%
Insurgency in Khyber Pakhtunkhwa (2004-2018) Tehrik-i-Taliban Pakistan
0%
Insurgency in Khyber Pakhtunkhwa (2004-2018) Turkistan Islamic Party
0%
Northwest Indian War (1785-1793) Upper Muscogee
0%
Northwest Indian War (1785-1793) Wabash Confederacy
0%
Yakima War (1855-1858) Walla Walla
0%
Yemeni Civil War (2014-present) Wilayah al-Yaman
0%
War in Afghanistan (2001-2021) Wilayat Khorasan
0%
Bosnian War (1992-1995) YPA
0%
Philippine-American War (1899-1902) Zamboanga Republic
0%
No matching quizzes found
Score Distribution
Percent of People with Each Score
Percentile by Number Answered
Your Score History
You have not taken this quiz